[Event "BRA-ch sf"]
[Site "Vitoria"]
[Date "2003.09.05"]
[Round "3"]
[White "Coradini, Flavio SR"]
[Black "Gomes, Antonio Jose"]
[Result "0-1"]
[WhiteElo "1800"]
[BlackElo "1764"]
[PlyCount "80"]
[EventDate "2003.09.??"]
[EventType "swiss"]
[EventRounds "7"]
[EventCountry "BRA"]
[SourceTitle "EXT 2006"]
[Source "ChessBase"]
[SourceDate "2005.11.24"]
[SourceVersion "1"]
[SourceVersionDate "2005.11.24"]
[SourceQuality "1"]

1. e4 e5 2. Nf3 Nf6 3. Nc3 d6 4. Bc4 h6 5. d3 c6 6. d4 exd4 7. Nxd4 Be7 8. Nf3 Bg4 9. e5 Bxf3 10. gxf3 dxe5 11. Qxd8+ Bxd8 12. Rg1 g6 13. Be3 Nbd7 14. 0-0-0 Be7 15. f4 exf4 16. Bxf4 g5 17. Bc7 Rc8 18. Bg3 b5 19. Bb3 Nc5 20. Rge1 Nxb3+ 21. axb3 Kf8 22. Ne4 Nxe4 23. Rxe4 Bf6 24. Be5 Bxe5 25. Rxe5 Kg7 26. Rd7 Rhe8 27. Rf5 Rf8 28. Rxa7 Kg6 29. Rf3 f5 30. h3 Rf6 31. Rg3 f4 32. Rg4 Re8 33. h4 Rd6 34. Kb1 Kh5 35. f3 Kg6 36. h5+ Kxh5 37. Rg7 Re3 38. Rg2 Rxf3 39. Rh2+ Kg4 40. Rg2+ Kh3 0-1